000 00955nac a22002651i 4500
003 EG-ScBUE
005 20240930090926.0
008 240930s2004 ii f 001 0 eng d
020 _a8125909893
040 _aEG-ScBUE
_beng
_erda
_cEG-ScBUE
_dEG-ScBUE
082 0 4 _a515
_bGUP
_222
100 1 _aGupta, S. L.,
_eauthor.
245 1 0 _aFundamental of real analysis /
_cS. L. Gupta, M.Sc., Ph.D., Shivaji College, University of Delhi, Nisha Rani, M.A., Ph.D., Shivaji College, University of Delhi.
250 _aFourth revised and enlarged edition.
264 _aNew Delhi :
_bVikas Publishing House PVT LTD,
_c2004.
300 _a1 volume (various pagings) ;
_c25 cm
336 _2rdacontent
_atext
_btxt
337 _aunmediated
_2rdamedia
_bn
338 _avolume
_bnc
_2rdacarrier
500 _aIncludes index.
650 7 _aMathematical analysis.
_2BUEsh
655 _vReading book
700 1 _aRani, N.,
_eauthor.
942 _cBB
_2ddc
999 _c1270
_d1270